Holiday Quiz

Random Holiday or Halloween Quiz

Candy Rush Quiz Stats

Quiz Updated Nov 1, 2015

Also try: Candy Bonanza
Challenge
Share
Tweet
Embed
Score 0/40 Timer 01:00
0 Plays Today
% Correct
Candy Corn
83%
3 Musketeers
81.1%
Butterfinger
79.3%
Almond Joy
79.2%
Baby Ruth
78.7%
Hershey's Kisses
76.4%
Candy Necklace
76.2%
Kit Kat
75.1%
Gummy Body Parts
75.1%
Fun Dip
74.7%
Jelly Beans
74.2%
M&M's
73.7%
100 Grand Bar
73.6%
Lemonheads
73.5%
Double Bubble
72.3%
Dots
72%
Jolly Rancher
71.9%
Dum Dums
70.2%
Nerds
68.7%
Milky Way
67.4%
% Correct
Milk Duds
65%
Good & Plenty
63.9%
Skittles
60.9%
Pop Rocks
60.8%
Nestlé Crunch
58.7%
Krackel
58.5%
Mr. Goodbar
54.4%
Sour Patch Kids
53.2%
Starburst
51.5%
Twizzlers
49.5%
Oozing Eyeballs
49%
Mounds
48.9%
Snickers
47.3%
Raisinets
41.3%
Reese's Peanut Butter Pumpkins
41.2%
Rolo
40.7%
Twix
40.5%
York Peppermint Patty
39.1%
Payday
31.4%
Sugar Daddy
27.2%

You're not logged in!

Compare scores with friends on all Sporcle quizzes.
Join for Free
OR
Log In

You Might Also Like...

Show Comments

Extras

Top Quizzes Today


Score Distribution

Your Account Isn't Verified!

In order to create a playlist on Sporcle, you need to verify the email address you used during registration. Go to your Sporcle Settings to finish the process.

Report this User

Report this user for behavior that violates our Community Guidelines.

Details: